[Event "Match"]
[Site "www.echecsemail.com"]
[Date "2016.02.21"]
[Round "1"]
[White "Osvalazo"]
[Black "Irene"]
[WhiteElo "1849"]
[BlackElo "2060"]
[Result "0-1"]
[Round "1"]
1.e4 e5
2.Bf1c4 Ng8f6
3.Nb1c3 b6
4.Ng1f3 Bc8b7
5.Nf3g5 d5
6.Bc4b5 c6
7.Bb5e2 d4
8.Be2c4 dxc3
9.Ng5xf7 Qd8d4
10.dxc3 Qd4xe4
 { time }
0-1

[Event "Match"]
[Site "www.echecsemail.com"]
[Date "2016.02.21"]
[Round "1"]
[White "Billyg"]
[Black "Cal"]
[WhiteElo "1660"]
[BlackElo "1540"]
[Result "0-1"]
[Round "1"]
1.e4 e5
2.Ng1f3 d6
3.h3 a6
4.d4 exd4
5.Nf3xd4 c5
6.Nd4f3 Ng8f6
7.Bc1g5 Bf8e7
8.e5 Nf6h5
9.Bg5xe7 Qd8xe7
10.Qd1e2 d5
11.Qe2e3 O-O
12.c3 Nb8c6
13.g4 Nh5g3
14.Rh1g1 Ng3e4
15.Nf3d2 Qe7xe5
16.f4 Qe5e6
17.Nd2xe4 Qe6xe4
18.Qe3xe4 dxe4
19.Nb1d2 f5
20.gxf5 Rf8xf5
21.O-O-O Rf5xf4
22.Nd2c4 Bc8e6
23.Nc4b6 Ra8f8
24.Nb6d7 Rf8f7
25.Nd7xc5 Be6xa2
26.b3 e3
27.Bf1c4 Nc6e5
28.Bc4xf7 Kxf7
29.Rg1f1 Rf4f2
30.Rd1e1 Ba2xb3
31.Nc5xb3 Ne5d3
32.Kb1 Nd3xe1
33.Rf1xe1 e2
34.Nb3d2 Rf2h2
35.Nd2f3 Rh2g2
36.Nf3d4 g6
37.Nd4xe2 Rg2f2
38.Ne2g3 h5
39.Ng3e4 Rf2h2
40.Re1d1 b5
41.Rd1c1 Rh2xh3
42.Ne4g5 Kf6
43.Ng5xh3 g5
44.Rc1d1 Kf5
45.Rd1d5 Kg4
46.Nh3xg5 h4
47.Ng5e4 h3
48.Ne4f2 Kg3
49.Rd5d2 h2
50.Nf2h1 Kh3
51.Rd2d6 Kg2
52.Rd6d1 a5
53.Kb2 Kf3
54.Rd1d5 Kg2
55.Rd5xb5 Kxh1
56.Rb5xa5 Kg2
57.Ra5a1 Kf3
58.c4 Ke4
59.Kb3 Ke5
60.Kb4 Kd6
61.Ra1a5 h1Q
62.c5 Kd5
63.Ra5a6 Qh1e1
64.Kb5 Qe1b1
65.Ka5 Kxc5
{ resign }
0-1

[Event "Match"]
[Site "www.echecsemail.com"]
[Date "2016.02.21"]
[Round "1"]
[White "Rindrandria"]
[Black "Ranjachess"]
[WhiteElo "1570"]
[BlackElo "1730"]
[Result "0-1"]
[Round "1"]
1.e4 e5
2.d4 d6
3.dxe5 dxe5
4.Qd1h5 Nb8c6
5.Bf1b5 Qd8d4
6.Nb1d2 Ng8f6
7.Qh5e2 Bc8d7
8.Ng1f3 Bd7g4
9.Nf3xd4 Bg4xe2
10.Nd4xe2 Bf8c5
11.Nd2b3 Bc5b6
12.Bc1d2 O-O
13.c4 Nc6d4
14.Ne2xd4 Bb6xd4
15.O-O-O Nf6xe4
16.Bd2e1 Bd4xf2
17.Rd1d7 c6
18.Bb5a4 Ra8b8
19.Nb3a5 Bf2xe1
20.Rh1xe1 Ne4c5
21.Ba4c2 Nc5xd7
22.Bc2f5 Rf8d8
23.c5 Nd7xc5
24.Re1xe5 Rd8d5
25.Na5c4 Rb8d8
26.Bf5g4 Nc5d3
27.Kc2 Nd3xe5
28.Nc4e3 Rd5c5
29.Kb1 Ne5xg4
30.Ne3c4 Rc5xc4
31.b3 Rc4d4
32.h4 Rd4d2
33.a4 Rd2xg2
34.Kc1 Ng4e3
35.b4 Rd8d1

0-1

[Event "Match"]
[Site "www.echecsemail.com"]
[Date "2016.02.21"]
[Round "1"]
[White "Mitja"]
[Black "Bojan"]
[WhiteElo "1910"]
[BlackElo "2010"]
[Result "0-1"]
[Round "1"]
1.d4 g6
2.e3 Bf8g7
3.Ng1f3 d5
4.h3 Qd8d6
5.c3 a6
6.Nb1d2 Ng8f6
7.Nd2b3 b6
8.Bf1e2 Bc8f5
9.Be2d3 Nf6e4
10.Bd3c2 Nb8d7
11.Nb3d2 c5
12.dxc5 Nd7xc5
13.Nd2xe4 Nc5xe4
14.Nf3d4 Bf5d7
15.Qd1f3 f5
16.Bc2xe4 fxe4
17.Qf3e2 e5
18.Nd4b3 Bd7b5
19.Qe2d2 Ra8a7
20.f4 Ra7f7
21.g3 O-O
22.Rh1h2 exf4
23.gxf4 g5
24.Nb3d4 Bg7xd4
25.cxd4 gxf4
26.exf4 Kh8
27.b3 Rf7xf4
28.Kd1 Bb5d3
{ resign }
0-1

[Event "1/128 Finale"]
[Site "www.chess-mail.com"]
[Date "2016.02.21"]
[Round "1"]
[White "Bluetealeaf"]
[Black "Stepanpech"]
[WhiteElo "1740"]
[BlackElo "2170"]
[Result "0-1"]
[Round "1"]
1.e4 e5
2.Ng1f3 Nb8c6
3.c3 d5
4.Bf1d3 Ng8f6
5.h3 dxe4
6.Bd3e2 exf3
7.Be2xf3 e4
8.Bf3e2 Bc8f5
9.Qd1b3 Nc6e5
10.Qb3b5 Nf6d7
11.Qb5xb7 Nd7c5
12.Qb7b5 c6
13.Qb5b4 Nc5d3
14.Be2xd3 Ne5xd3
15.Kf1 Bf8xb4
16.cxb4 Qd8h4
17.Ke2 Bf5g4
{ resign }
0-1

[Event "1/128 Finale"]
[Site "www.chess-mail.com"]
[Date "2016.02.21"]
[Round "1"]
[White "Leeds"]
[Black "Ledzepp"]
[WhiteElo "1810"]
[BlackElo "1439"]
[Result "1-0"]
[Round "1"]
1.d4 d5
2.c4 e6
3.cxd5 Qd8xd5
4.Nb1c3 Qd5h5
5.Ng1f3 Bc8d7
6.Nf3e5 Bf8b4
7.Ne5xd7 Nb8xd7
8.e3 Ng8f6
9.Qd1xh5 Nf6xh5
10.Bc1d2 e5
11.dxe5 Nd7xe5
12.a3 O-O
13.axb4 Ne5c6
14.Nc3d5 Ra8c8
15.Bf1e2 Nh5f6
16.Nd5xf6 gxf6
17.Bd2c3 f5
18.O-O Rc8d8
19.Rf1d1 Rd8e8
20.Be2f3 h6
21.Bf3xc6 bxc6
22.Ra1xa7 f4
23.exf4 Re8e2
24.Ra7xc7 Rf8e8
25.g3 Re2e6
26.Rd1d7 Re8f8
27.f5 Re6e4
28.Rc7xc6 h5
29.Rc6h6 h4
30.Rh6h8 
1-0

[Event "Tourn. n8618"]
[Site "www.chess-mail.com"]
[Date "2016.02.22"]
[Round "1"]
[White "Fred"]
[Black "Awfen"]
[WhiteElo "2080"]
[BlackElo "2030"]
[Result "0-1"]
[Round "1"]
1.e4 e5
2.f4 exf4
3.Ng1f3 d6
4.d4 Nb8c6
5.Bc1xf4 Bf8e7
6.Bf1c4 Ng8f6
7.e5 dxe5
8.Bf4xe5 Nc6xe5
9.Nf3xe5 O-O
10.O-O a6
11.Nb1d2 Qd8xd4
12.Kh1 Qd4xe5
13.c3 Be7d6
14.Nd2f3 Qe5c5
15.Bc4b3 Qc5h5
16.Qd1e1 Bc8g4
17.Qe1h4 Bg4xf3
18.Qh4xh5 Bf3xh5
19.Ra1e1 Rf8e8
20.Re1xe8 Ra8xe8
21.Bb3c4 Bh5e2
{ resign }
0-1

[Event "Tourn. n8513"]
[Site "www.chess-mail.com"]
[Date "2016.02.22"]
[Round "1"]
[White "Osopanda"]
[Black "Trazyne"]
[WhiteElo "1880"]
[BlackElo "1659"]
[Result "1/2-1/2"]
[Round "1"]
1.d4 d5
2.c4 c6
3.Nb1c3 Ng8f6
4.cxd5 cxd5
5.Ng1f3 Nb8c6
6.g3 e6
7.Bf1g2 Bf8b4
8.O-O O-O
9.a3 Bb4e7
10.b4 a6
11.Rf1e1 h6
12.e4 dxe4
13.Nc3xe4 Nf6xe4
14.Re1xe4 Be7f6
15.Bc1b2 Qd8c7
16.Ra1c1 Rf8d8
17.Nf3e5 Bc8d7
18.Ne5xd7 Qc7xd7
19.Re4g4 Nc6xd4
20.Rc1c4 Nd4f3
21.Qd1xf3 Qd7d1
22.Qf3xd1 Rd8xd1
23.Bg2f1 Bf6xb2
24.Kg2 Bb2xa3
25.Rc4c7 b5
26.Bf1e2 Rd1d2
27.Be2f3 Ra8d8
28.Bf3b7 Rd2d6
29.Bb7c6 Ba3b2
30.Bc6b7 Kf8
31.Rg4f4 Bb2f6
32.h4 Ke8
33.Bb7c6 Kf8
{ draw }
1/2-1/2

[Event "Tourn. n8540"]
[Site "www.chess-mail.com"]
[Date "2016.02.22"]
[Round "1"]
[White "Libiesse"]
[Black "Cardiff"]
[WhiteElo "1950"]
[BlackElo "1940"]
[Result "1-0"]
[Round "1"]
1.d4 d5
2.c4 e6
3.Ng1f3 dxc4
4.Qd1a4 Nb8c6
5.Qa4xc4 Ng8f6
6.Bc1g5 Bf8e7
7.e3 Qd8d5
8.Nb1c3 Qd5xc4
9.Bf1xc4 a6
10.Ke2 h6
11.Bg5h4 Bc8d7
12.a3 O-O
13.Ra1c1 g5
14.Bh4g3 Ra8c8
15.h3 Be7d6
16.Rh1f1 Bd6xg3
17.fxg3 Rf8e8
18.Nf3xg5 Kg7
19.Ng5f3 Re8g8
20.e4 b5
21.Bc4a2 Nc6a5
22.Nf3e5 Bd7e8
23.Ke3 Nf6d7
24.Ne5f3 Nd7b6
25.Nf3d2 c5
26.d5 exd5
27.Nc3xd5 Nb6xd5
28.exd5 c4
29.Kd4 Be8d7
30.Nd2e4 Rg8e8
31.Ne4d6 { resign }
1-0

[Event "Tourn. n8531"]
[Site "www.chess-mail.com"]
[Date "2016.02.22"]
[Round "1"]
[White "Xkafi"]
[Black "Norlavuaram"]
[WhiteElo "2020"]
[BlackElo "2150"]
[Result "0-1"]
[Round "1"]
1.e4 e5
2.Bf1c4 Ng8f6
3.d3 Bf8e7
4.h3 O-O
5.Nb1c3 d6
6.g4 c6
7.g5 Nf6d7
8.h4 a5
9.a3 b5
10.Bc4a2 Nd7c5
11.Qd1f3 Bc8e6
12.b3 d5
13.Bc1b2 d4
14.Nc3e2 Nb8d7
15.Ne2g3 f6
16.Ng3f5 fxg5
17.hxg5 Be6xf5
18.exf5 Be7xg5
19.b4 Kh8
20.bxc5 Nd7xc5
21.Rh1xh7 Kxh7
22.Qf3h5 Bg5h6
23.Ng1f3 Qd8f6
24.Nf3h4 Qf6g5
25.Qh5g6 Qg5xg6
26.fxg6 Kh8
27.Ke2 Rf8f4
28.Ra1h1 Ra8f8
29.f3 Nc5a4
30.Bb2c1 Na4c3
31.Kf2 Nc3xa2
32.Bc1xf4 Rf8xf4
33.Kg3 Na2c3
34.Rh1e1 Bh6g5
35.Nh4g2 Rf4f6
36.Re1xe5 Rf6xg6
37.Re5e8 Kh7
38.Kh3 Rg6h6
39.Kg4 Bg5f6
40.Ng2f4 Rh6h4
41.Kg3 Rh4h1
42.Kg2 Rh1c1
43.Re8c8 Rc1xc2
44.Kg3 Bf6e5
45.Kg4 Be5xf4
46.Kxf4 Nc3d5
47.Ke4 Nd5b6
48.Rc8c7 Nb6d5
49.Kxd4 Nd5xc7
{ resign }
0-1

[Event "Tourn. n8439"]
[Site "www.chess-mail.com"]
[Date "2016.02.22"]
[Round "1"]
[White "Sfalcao"]
[Black "Wwgia"]
[WhiteElo "2020"]
[BlackElo "2200"]
[Result "0-1"]
[Round "1"]
1.e4 c5
2.Ng1f3 Nb8c6
3.d4 cxd4
4.Nf3xd4 g6
5.c4 Ng8f6
6.Nb1c3 Nc6xd4
7.Qd1xd4 d6
8.e5 dxe5
9.Qd4xd8 Kxd8
10.Bf1e2 Bf8g7
11.O-O a6
12.Be2f3 Kc7
13.Rf1d1 Bc8e6
14.b3 Rh8d8
15.Bc1g5 Rd8xd1
16.Ra1xd1 Ra8c8
17.h3 b6
18.Nc3d5 Be6xd5
19.Bf3xd5 Nf6xd5
20.Rd1xd5 e6
21.Rd5d1 h6
22.Bg5e3 f5
23.f3 Bg7f8
24.g3 Bf8c5
25.Kf2 Rc8d8
26.Rd1xd8 Kxd8
27.Be3xc5 bxc5
28.Ke2 Kd7
29.Kd3 Kc6
30.a3 Kb6
31.Kc3 a5
32.a4 Kc6
33.Kd3 g5
34.Ke3 h5
35.g4 h4
 { time }
0-1

[Event "Tourn. n8603"]
[Site "www.chess-mail.com"]
[Date "2016.02.22"]
[Round "1"]
[White "Genius7"]
[Black "Guidom"]
[WhiteElo "2150"]
[BlackElo "2100"]
[Result "1/2-1/2"]
[Round "1"]
1.e4 e5
2.Ng1f3 Nb8c6
3.Bf1b5 a6
4.Bb5a4 Ng8f6
5.O-O d6
6.Nb1c3 Bc8d7
7.d3 Bf8e7
8.Nc3e2 O-O
9.Ne2g3 b5
10.Ba4b3 Nc6d4
11.Nf3xd4 exd4
12.h3 c5
13.a4 Qd8c7
14.axb5 axb5
15.Ra1xa8 Rf8xa8
16.Bc1g5 h6
17.Bg5xf6 Be7xf6
18.Bb3d5 Ra8a7
19.Qd1f3 Bd7c6
20.Bd5xc6 Qc7xc6
21.Ng3f5 Bf6e5
22.Qf3g4 Kh7
23.f4 Be5f6
24.Nf5g3 { draw }
1/2-1/2

[Event "Tourn. n8522"]
[Site "www.chess-mail.com"]
[Date "2016.02.22"]
[Round "1"]
[White "Kevinking"]
[Black "Piekki"]
[WhiteElo "1819"]
[BlackElo "1800"]
[Result "0-1"]
[Round "1"]
1.d4 Ng8f6
2.c4 e6
3.Nb1c3 Bf8b4
4.e3 c5
5.Bf1d3 Nb8c6
6.Ng1e2 cxd4
7.exd4 h6
8.O-O d5
9.Bc1e3 O-O
10.Ra1c1 dxc4
11.Bd3xc4 Nf6d5
12.Nc3xd5 exd5
13.Bc4d3 Bc8e6
14.a3 Bb4e7
15.b4 Be7f6
16.Bd3b1 Nc6e7
17.Qd1c2 Be6f5
18.Qc2b3 Qd8d7
19.Bb1xf5 Ne7xf5
20.Rf1d1 Rf8e8
21.Kf1 Nf5xe3
22.fxe3 Bf6g5
23.Ne2f4 Qd7f5
24.Qb3xd5 Qf5f6
25.g3 Re8xe3
26.Qd5xb7 Ra8e8
27.Kg2 Bg5xf4
28.gxf4 Re3e2
29.Kg1 Qf6g6
30.Kh1 Re2xh2
31.Kxh2 Re8e2
32.Kh1 Qg6h5
33.Kg1 Qh5h2
34.Kf1 Qh2f2
{ resign }
0-1

[Event "Tourn. n8561"]
[Site "www.chess-mail.com"]
[Date "2016.02.22"]
[Round "1"]
[White "Bojan"]
[Black "Norlavuaram"]
[WhiteElo "2100"]
[BlackElo "2100"]
[Result "1-0"]
[Round "1"]
1.d4 Ng8f6
2.Nb1c3 g6
3.e4 d6
4.Bf1d3 Bf8g7
5.h4 O-O
6.Bd3e2 h5
7.Bc1g5 Nb8d7
8.Qd1d3 c5
9.Ng1f3 a6
10.a3 b5
11.dxc5 Nd7xc5
12.Qd3e3 Bc8b7
13.Nf3d2 Ra8c8
14.Ra1b1 Nc5e6
15.Bg5h6 d5
16.exd5 Nf6xd5
17.Nc3xd5 Bb7xd5
18.Bh6xg7 Kxg7
19.c3 Qd8c7
20.Rh1g1 Bd5c4
21.Nd2xc4 bxc4
22.g3 Rf8d8
23.Kf1 Rd8d6
24.Kg2 Rc8d8
25.Qe3e5 Kg8
26.Rg1e1 Qc7b7
27.Be2f3 Qb7b6
28.Re1e2 Rd6d2
29.Qe5e3 Qb6xe3
30.fxe3 Rd2d1
31.Rb1xd1 Rd8xd1
32.Bf3b7 Ne6c5
33.Bb7c8 a5
34.Kf3 Rd1f1
35.Kg2 Rf1d1
36.e4 Nc5d3
37.Bc8a6 Nd3e5
38.Re2c2 Ne5g4
39.Rc2e2 Ng4e5
40.b4 axb4
41.axb4 Rd1d3
42.Re2c2 Rd3e3
43.Ba6b7 Ne5g4
44.Bb7d5 Ng4f6
45.Bd5c6 Nf6xe4
46.b5 Re3xg3
47.Kf1 Ne4d6
48.b6 Rg3g4
49.Rc2d2 { resign }
1-0

[Event "Tourn. n8602"]
[Site "www.chess-mail.com"]
[Date "2016.02.22"]
[Round "1"]
[White "Elogic"]
[Black "Aperturaf"]
[WhiteElo "2200"]
[BlackElo "2500"]
[Result "0-1"]
[Round "1"]
1.e3 d5
2.c4 e6
3.Nb1c3 c5
4.cxd5 exd5
5.d4 Ng8f6
6.Bf1b5 Nb8c6
7.Qd1b3 a6
8.Bb5xc6 bxc6
9.dxc5 Bf8xc5
10.Ng1e2 O-O
11.Bc1d2 Bc8f5
12.O-O Ra8b8
13.Qb3a4 Rb8xb2
14.Qa4xc6 Qd8a5
15.Rf1e1 Rb2xd2
16.f4 Bc5xe3
17.Kh1 d4
18.Ne2xd4 Be3xd4
19.Nc3d5 Nf6xd5
20.Re1e8 Bd4xa1
21.Re8xf8 Kxf8
22.Qc6d6 Ke8
23.Qd6c6 Bf5d7
{ resign }
0-1

[Event "Tourn. n8564"]
[Site "www.chess-mail.com"]
[Date "2016.02.22"]
[Round "1"]
[White "Rons"]
[Black "Nimzo"]
[WhiteElo "2610"]
[BlackElo "2810"]
[Result "0-1"]
[Round "1"]
1.e4 e6
2.d4 d5
3.Nb1c3 Ng8f6
4.Bc1g5 dxe4
5.Nc3xe4 Bf8e7
6.Bg5xf6 gxf6
7.Ng1f3 f5
8.Ne4c3 a6
9.Qd1e2 b5
10.O-O-O b4
11.Nc3a4 Qd8d5
12.c4 Qd5a5
13.b3 Bc8d7
14.Na4c5 Be7xc5
15.dxc5 Qa5xc5
16.Nf3e5 a5
17.f4 Ra8a6
18.Qe2h5 Rh8f8
19.Qh5g5 Ra6d6
20.Bf1d3 a4
21.Ne5g4 Qc5d4
22.Bd3xf5 Qd4a1
23.Bf5b1 f5
24.Qg5h5 Kd8
25.Qh5h6 Rf8g8
26.Qh6h4 Kc8
27.Qh4f6 Qa1xf6
28.Ng4xf6 Rg8xg2
29.Rd1xd6 cxd6
30.Rh1d1 Rg2xh2
31.Rd1xd6 a3
32.Nf6xd7 Nb8xd7
33.Rd6xe6 Rh2h1
34.Kc2 h5
35.Re6d6 h4
36.Rd6d5 h3
37.Rd5xf5 h2
38.Rf5h5 Nd7f6
39.Rh5h8 Kd7
40.f5 Nf6g4
{ resign }
0-1

[Event "Tourn. n8541"]
[Site "www.chess-mail.com"]
[Date "2016.02.22"]
[Round "1"]
[White "Marbachess"]
[Black "Raven16"]
[WhiteElo "2200"]
[BlackElo "2000"]
[Result "1-0"]
[Round "1"]
1.f4 d5
2.Ng1f3 Ng8f6
3.b3 g6
4.Bc1b2 Bf8g7
5.e3 c5
6.Bf1b5 Bc8d7
7.Qd1e2 O-O
8.Bb5xd7 Nb8xd7
9.O-O Ra8c8
10.c4 Nd7b6
11.a4 dxc4
12.bxc4 Nf6e4
13.Bb2xg7 Kxg7
14.d3 Ne4f6
15.Nb1c3 e6
16.e4 Nf6d7
17.a5 Nb6a8
18.a6 b6
19.Nc3b5 Na8c7
20.Nb5xa7 Rc8a8
21.Na7c6 Qd8c8
22.Qe2b2 f6
23.d4 Nc7xa6
24.d5 exd5
25.cxd5 Qc8c7
26.Nf3g5 Kg8
27.Nc6e7 Kh8
28.Qb2c3 Qc7b8
29.Qc3h3 h5
30.Ne7xg6 Kg7
31.Qh3xd7 { resign }
1-0

[Event "Tourn. n8634"]
[Site "www.chess-mail.com"]
[Date "2016.02.22"]
[Round "1"]
[White "Tonino1"]
[Black "Mrfunk"]
[WhiteElo "2100"]
[BlackElo "2130"]
[Result "0-1"]
[Round "1"]
1.d4 Ng8f6
2.Ng1f3 g6
3.e3 Bf8g7
4.Bf1d3 d5
5.b3 c5
6.Bc1b2 cxd4
7.exd4 O-O
8.Nb1d2 Nf6h5
9.g3 Bc8h3
10.Nf3g5 Bh3d7
11.O-O Nb8c6
12.Ng5xh7 Rf8e8
13.c3 e5
14.dxe5 Nc6xe5
15.Bd3c2 Bd7g4
16.f3 Bg4h3
17.Rf1e1 Qd8b6
18.Kh1 Qb6f2
19.Re1e2 Bh3g2

0-1

[Event "Tourn. n8489"]
[Site "www.chess-mail.com"]
[Date "2016.02.22"]
[Round "1"]
[White "Jaroslavpech"]
[Black "Expert"]
[WhiteElo "2020"]
[BlackElo "1840"]
[Result "1-0"]
[Round "1"]
1.e4 e5
2.Ng1f3 Nb8c6
3.Bf1c4 Bf8e7
4.d4 exd4
5.Nf3xd4 d6
6.Nb1c3 Bc8d7
7.Nd4xc6 Bd7xc6
8.Qd1h5 g6
9.Qh5f3 Ng8f6
10.h4 h5
11.Bc1g5 O-O
12.O-O-O Nf6g4
13.Qf3f4 Be7xg5
14.hxg5 Qd8e7
15.Bc4d5 Ng4e5
16.Kb1 a6
17.Qf4d2 Ra8d8
18.Rh1h4 Qe7d7
19.Rd1h1 Kg7
20.f4 Ne5g4
21.f5 Rf8h8
22.Rh4xg4 { resign }
1-0

[Event "Tourn. n8634"]
[Site "www.chess-mail.com"]
[Date "2016.02.22"]
[Round "1"]
[White "Faerieking"]
[Black "Guidom"]
[WhiteElo "2160"]
[BlackElo "2090"]
[Result "1-0"]
[Round "1"]
1.e4 e5
2.d4 exd4
3.c3 dxc3
4.Bf1c4 d6
5.Qd1b3 Qd8f6
6.Nb1xc3 c6
7.Ng1e2 Nb8d7
8.f4 Nd7c5
9.Qb3c2 Bc8e6
10.Bc4xe6 fxe6
11.O-O O-O-O
12.b4 Nc5d7
13.Bc1b2 Qf6e7
14.a4 Kb8
15.a5 a6
16.Nc3a4 Ng8f6
17.Ra1b1 d5
18.e5 Nf6e4
19.Rf1c1 Qe7h4
20.Bb2d4 g5
21.Qc2d3 gxf4
22.Rc1xc6 bxc6
23.Qd3xa6 f3
24.Bd4a7 Kc7
25.Ba7b6 Nd7xb6
26.Qa6a7 { resign }
1-0

[Event "Match"]
[Site "www.echecsemail.com"]
[Date "2016.02.22"]
[Round "1"]
[White "Glenno"]
[Black "Joseph1983"]
[WhiteElo "2390"]
[BlackElo "2150"]
[Result "1-0"]
[Round "1"]
1.e4 c5
2.Ng1f3 d6
3.d4 cxd4
4.Nf3xd4 Ng8f6
5.Nb1c3 a6
6.Bc1g5 e6
7.f4 Bf8e7
8.Qd1f3 Qd8c7
9.O-O-O O-O
10.Bf1d3 Nb8d7
11.Rh1e1 b5
12.e5 Bc8b7
13.Qf3h3 dxe5
14.Bg5xf6 { resign }
1-0

[Event "Match"]
[Site "www.echecsemail.com"]
[Date "2016.02.22"]
[Round "1"]
[White "Osvalazo"]
[Black "Pariolinius"]
[WhiteElo "1349"]
[BlackElo "2000"]
[Result "0-1"]
[Round "1"]
1.e4 d6
2.Bf1c4 Ng8f6
3.d3 g6
4.Bc1g5 Bf8g7
5.c3 O-O
6.Ng1f3 Nb8c6
7.O-O e6
8.d4 Qd8e8
9.Bc4b5 Bc8d7
10.Rf1e1 a6
11.Bb5c4 b5
12.Bc4b3 Nc6a5
13.Bg5xf6 Bg7xf6
14.e5 Bf6g7
15.Qd1d3 Na5xb3
16.axb3 Bd7c6
17.Nb1d2 Qe8e7
18.exd6 cxd6
19.b4 Qe7b7
20.Re1e3 Rf8e8
21.c4 Ra8d8
22.d5 Bc6d7
23.Nf3g5 Bg7xb2
24.Ra1a2 Bb2f6
25.Ng5e4 { time. }
0-1

[Event "Match"]
[Site "www.echecsemail.com"]
[Date "2016.02.22"]
[Round "1"]
[White "Norwich"]
[Black "Cal"]
[WhiteElo "1630"]
[BlackElo "1540"]
[Result "1-0"]
[Round "1"]
1.d4 d5
2.c4 dxc4
3.e4 e6
4.Bf1xc4 h6
5.Nb1c3 Bf8b4
6.Ng1e2 Ng8f6
7.O-O Bb4xc3
8.Ne2xc3 O-O
9.Rf1e1 a6
10.a3 Nb8c6
11.Bc1e3 Nc6a5
12.Bc4a2 Bc8d7
13.b4 Na5c6
14.h3 b5
15.d5 Nc6e5
16.dxe6 fxe6
17.Qd1c2 Qd8e7
18.Ra1d1 Bd7c6
19.Be3c5 Qe7f7
20.Bc5xf8 Ra8xf8
21.f4 Ne5g6
22.f5 exf5
23.Ba2xf7 Rf8xf7
24.exf5 Ng6f4
25.Rd1d2 Nf6h5
26.Rd2d8 Kh7
27.f6 g6
28.Re1e7 Rf7xe7
29.fxe7 Nh5f6
30.Qc2f2 g5
31.Qf2d4 Nf4e2
32.Nc3xe2 Kg7
33.e8Q Bc6xe8
34.Rd8xe8 { resign }
1-0

[Event "Match"]
[Site "www.echecsemail.com"]
[Date "2016.02.22"]
[Round "1"]
[White "Elogic"]
[Black "Pinehill"]
[WhiteElo "1860"]
[BlackElo "2040"]
[Result "0-1"]
[Round "1"]
1.g3 d5
2.d4 Ng8f6
3.Bf1g2 Bc8f5
4.Nb1c3 c6
5.Bc1f4 Nb8d7
6.Ng1f3 e6
7.Nf3e5 Bf8b4
8.Qd1d2 O-O
9.Ne5xd7 Qd8xd7
10.a3 Bb4e7
11.f3 Ra8c8
12.h4 h5
13.e4 dxe4
14.fxe4 Bf5g4
15.e5 Nf6d5
16.Nc3xd5 exd5
17.Bf4g5 f6
18.exf6 Be7xf6
19.c3 Rc8e8
20.Kf2 Bf6xg5
{ resign }
0-1

[Event "Match"]
[Site "www.echecsemail.com"]
[Date "2016.02.22"]
[Round "1"]
[White "Ssharp"]
[Black "Bojan"]
[WhiteElo "2250"]
[BlackElo "2080"]
[Result "1-0"]
[Round "1"]
1.e4 e5
2.Ng1f3 Nb8c6
3.Bf1c4 g6
4.Nb1c3 f6
5.Bc4xg8 Rh8xg8
6.d3 Bf8c5
7.Bc1e3 Bc5xe3
8.fxe3 d6
9.Qd1d2 a6
10.h3 Bc8e6
11.O-O-O Nc6a7
12.d4 Na7b5
13.d5 Be6d7
14.Nc3b1 Ke7
15.g4 Qd8f8
16.Rh1f1 Ra8c8
17.c4 Nb5a7
18.Nb1c3 c5
19.Nf3g5 Qf8g7
20.Ng5e6 Qg7h6
21.Qd2f2 f5
22.gxf5 g5
23.Kb1 b5
24.f6 Kf7
25.Qf2f5 Qh6h4
26.Ne6xg5 { resign }
1-0

[Event "Match"]
[Site "www.echecsemail.com"]
[Date "2016.02.22"]
[Round "1"]
[White "Elogic"]
[Black "Add"]
[WhiteElo "1960"]
[BlackElo "2030"]
[Result "0-1"]
[Round "1"]
1.d4 d5
2.Nb1c3 e6
3.Bc1f4 Bf8d6
4.Bf4xd6 Qd8xd6
5.g3 Ng8f6
6.f3 a6
7.e4 dxe4
8.fxe4 O-O
9.e5 Qd6c6
10.exf6 Qc6xh1
11.Ng1f3 g6
12.Qd1d2 Qh1xf3
13.Qd2g5 Nb8d7
14.d5 Nd7xf6
15.Bf1e2 Qf3h1
16.Kd2 Qh1xa1
{ resign }
0-1

[Event "Match"]
[Site "www.echecsemail.com"]
[Date "2016.02.22"]
[Round "1"]
[White "Tonino1"]
[Black "Abuelo"]
[WhiteElo "2010"]
[BlackElo "2100"]
[Result "1-0"]
[Round "1"]
1.d4 d5
2.Ng1f3 Bc8g4
3.e3 Ng8f6
4.Bf1d3 e6
5.b3 a6
6.Bc1b2 Nb8c6
7.Nb1d2 Nc6b4
8.Bd3e2 Bf8e7
9.O-O O-O
10.a3 Bg4xf3
11.Be2xf3 Nb4c6
12.Qd1e2 Be7d6
13.e4 dxe4
14.Nd2xe4 Nf6xe4
15.Qe2xe4 Qd8d7
16.Ra1d1 Ra8b8
17.c4 Bd6e7
18.d5 exd5
19.Rd1xd5 Qd7e8
20.Rf1e1 Rb8d8
21.b4 Be7d6
22.Qe4b1 Bd6e7
23.Rd5g5 f6
24.Bf3d5 Kh8
25.Rg5g3 Qe8d7
26.Rg3h3 g6
27.Bd5e6 Qd7d2
28.Bb2c3 Qd2f4
29.Qb1xg6 { resign }
1-0

[Event "Match"]
[Site "www.echecsemail.com"]
[Date "2016.02.22"]
[Round "1"]
[White "Sonny1000"]
[Black "Tldarr"]
[WhiteElo "1460"]
[BlackElo "1479"]
[Result "1-0"]
[Round "1"]
1.e4 e5
2.Nb1c3 Qd8f6
3.Nc3d5 Qf6d6
4.Qd1f3 c6
5.Bf1c4 cxd5
6.Bc4xd5 Ng8h6
7.d3  { time }
1-0

[Event "Match"]
[Site "www.echecsemail.com"]
[Date "2016.02.22"]
[Round "1"]
[White "Coraza"]
[Black "Fangshuo"]
[WhiteElo "1710"]
[BlackElo "2140"]
[Result "0-1"]
[Round "1"]
1.e4 e6
2.d4 d5
3.e5 c5
4.Ng1f3 Nb8c6
5.Bc1g5 Bf8e7
6.Bg5xe7 Ng8xe7
7.dxc5 Qd8a5
8.c3 Qa5xc5
9.Bf1e2 Bc8d7
10.O-O O-O
11.Qd1c2 d4
12.Nf3g5 g6
13.b4 Qc5xe5
14.Ng5f3 Qe5d6
15.Qc2e4 dxc3
16.Nb1xc3 Nc6xb4
17.Rf1d1 Qd6c7
18.Qe4xb4 Ne7c6
19.Qb4h4 f6
20.Nc3e4 Kg7
21.Ne4g5 fxg5
22.Nf3xg5 h6
23.Ng5f3 Rf8f7
24.Be2d3 Ra8f8
25.Ra1c1 Qc7a5
26.Qh4g3 Nc6e7
27.Bd3e4 Bd7c6
28.Nf3e5 Bc6xe4
29.Ne5xf7 Rf8xf7
30.Qg3e3 Qa5f5
31.f3 Be4d5
32.Qe3c3 Kh7
33.Qc3e3 Bd5c6
34.Rc1c4 Ne7d5
35.Qe3xa7 Nd5f4
36.Rc4c5 e5
37.Rd1d8 Qf5b1
38.Kf2 Qb1b2
{ resign }
0-1

[Event "1/128 Finale"]
[Site "www.chess-mail.com"]
[Date "2016.02.22"]
[Round "1"]
[White "Raven16"]
[Black "Hundegana"]
[WhiteElo "2160"]
[BlackElo "1910"]
[Result "0-1"]
[Round "1"]
1.d4 d5
2.c4 dxc4
3.Ng1f3 Ng8f6
4.Nb1c3 c6
5.e4 b5
6.e5 Nf6d5
7.a4 Nd5xc3
8.bxc3 Bc8f5
9.Bf1e2 h6
10.O-O f6
11.Bc1a3 a6
12.Nf3h4 Bf5h7
13.Be2h5 Kd7
14.d5 Bh7d3
15.Qd1g4 Kc7
16.Nh4g6 Rh8g8
17.Rf1e1 f5
18.Qg4f4 Kb7
19.Bh5f3 cxd5
20.Ba3xe7 Bf8xe7
21.Ng6xe7 Qd8xe7
22.Bf3xd5 Nb8c6
23.Bd5xg8 Ra8xg8
24.axb5 axb5
25.Re1b1 Bd3xb1
{ resign }
0-1

[Event "Eq:Royal chess-Equipo Juan Diaz : "]
[Site "www.chess-mail.com"]
[Date "2016.02.22"]
[Round "1"]
[White "Ecijaajedrez"]
[Black "Huw"]
[WhiteElo "2570"]
[BlackElo "2190"]
[Result "0-1"]
[Round "1"]
1.d4 Ng8f6
2.c4 e6
3.Nb1c3 d5
4.cxd5 exd5
5.Bc1g5 Bf8e7
6.e3 O-O
7.Bf1d3 a6
8.Bg5xf6 Be7xf6
9.Qd1h5 g6
10.Qh5xd5 Nb8d7
11.Ng1f3 c6
 { time }
0-1

[Event "Tourn. n8634"]
[Site "www.chess-mail.com"]
[Date "2016.02.23"]
[Round "1"]
[White "Guidom"]
[Black "Tonino1"]
[WhiteElo "2090"]
[BlackElo "2100"]
[Result "0-1"]
[Round "1"]
1.e4 c5
2.Ng1f3 d6
3.c4 Nb8c6
4.Nb1c3 e6
5.d3 g6
6.Bf1e2 Bf8g7
7.O-O Ng8f6
8.Bc1g5 O-O
9.a3 a6
10.Qd1d2 Rf8e8
11.Ra1b1 Bc8d7
12.b4 Qd8c7
13.b5 Nc6d4
14.b6 Nd4xe2
15.Qd2xe2 Qc7c8
16.a4 Nf6g4
17.h3 Ng4xf2
18.Nc3a2 Nf2xh3
19.gxh3 e5
20.Na2c3 Bd7xh3
21.Rf1f2 Qc8g4
22.Kh1 Qg4h5
23.Rf2h2 h6
24.Bg5e3 g5
25.Rb1g1 g4
26.Nf3e1 Kh7
27.Nc3d5 Ra8d8
28.Qe2f2 Re8e6
29.Qf2g3 Bg7f6
30.Nd5xf6 Re6xf6
31.Ne1g2 Rf6f3
32.Rh2xh3 Qh5xh3
33.Qg3h2 Qh3xh2
34.Kxh2 Rf3h3
{ resign }
0-1

[Event "Tourn. n8574"]
[Site "www.chess-mail.com"]
[Date "2016.02.23"]
[Round "1"]
[White "Falcoale"]
[Black "Duff"]
[WhiteElo "1670"]
[BlackElo "1740"]
[Result "0-1"]
[Round "1"]
1.e4 c5
2.Ng1f3 d6
3.Bf1c4 Ng8f6
4.d3 Bc8g4
5.h3 Bg4h5
6.Nb1d2 Nb8c6
7.c3 g6
8.O-O Bh5xf3
9.Nd2xf3 Bf8g7
10.Bc1e3 O-O
11.Qd1c1 e5
12.Be3h6 Qd8b6
13.Bh6xg7 Kxg7
14.Qc1g5 Qb6xb2
15.Ra1b1 Qb2xc3
16.Nf3h4 h6
17.Qg5g3 Nc6d4
18.Rb1e1 b5
19.Bc4d5 Nf6xd5
20.Re1c1 Qc3a3
21.Rc1e1 Nd5c3
22.Nh4f5 Nd4xf5
23.exf5 Qa3xa2
24.Qg3f3 b4
25.f6 Kh7
26.Re1a1 Qa2e2
27.Qf3c6 Qe2xd3
28.Qc6c7 a5
29.Rf1e1 b3
30.Ra1xa5 Ra8xa5
31.Qc7xa5 b2
32.Qa5a7 b1Q
33.Re1xb1 Qd3xb1
34.Kh2 Qb1f5
35.Qa7e7 Kg8
36.Qe7xd6 Qf5xf2
37.Qd6xe5 Qf2d4
38.Qe5e7 Nc3e4
{ resign }
0-1

[Event "Tourn. n8496"]
[Site "www.chess-mail.com"]
[Date "2016.02.23"]
[Round "1"]
[White "Piekki"]
[Black "Kevinking"]
[WhiteElo "1770"]
[BlackElo "1819"]
[Result "1-0"]
[Round "1"]
1.e4 e6
2.d4 d5
3.Nb1c3 Ng8f6
4.Bc1g5 Bf8e7
5.e5 Nf6d7
6.h4 h6
7.Bg5xe7 Qd8xe7
8.Ng1f3 a6
9.a4 b6
10.h5 c5
11.Rh1h3 Nb8c6
12.dxc5 bxc5
13.Rh3g3 Rh8g8
14.Ra1a3 Ra8b8
15.Nc3xd5 exd5
16.Qd1xd5 Nc6b4
17.Qd5e4 Bc8b7
18.Qe4f5 Bb7d5
19.Ra3e3 Qe7e6
20.Qf5h7 Kf8
21.c3 Nb4c6
22.Bf1xa6 Nc6e7
23.Ba6d3 Ke8
24.Rg3xg7 Rg8xg7
25.Qh7xg7 Ne7f5
26.Bd3xf5 Qe6xf5
27.Nf3d2 Rb8xb2
28.Qg7h8 Ke7
29.Qh8xh6 Rb2xd2
30.Kxd2 Qf5xf2
31.Re3e2 Qf2f1
32.Qh6d6 Kd8
33.Qd6xd5 Qf1f4
34.Ke1 Qf4c1
35.Kf2 Qc1xc3
36.Re2d2 Qc3xd2
37.Qd5xd2 Ke7
38.Qd2xd7 Kxd7
39.h6 { resign }
1-0